000 00639nam a22001697a 4500
005 2010080404204.0
010 _aENG-98127
035 _aEN-81660
037 _bDBAD/PUB
082 _a342.73082
245 _aThe emigration act, 1983 /
260 _aDelhi
_bUniversal Law Publishing
_c2010
270 _aC-FF-1A, Dilkhush Industrial Estate,(Opp. Hans Cinema, Azadpur) G.T. Karnal Road
_bDelhi
_e110033
300 i _aiii, 45p.
_c24cm (pbk)
942 _2ddc
_cEN
_h342.73082
_mEMI
999 _c39172
_d39172